| 000 | 00431nam a2200157 a 4500 | ||
|---|---|---|---|
| 001 | 5768 | ||
| 003 | CDMR | ||
| 005 | 20131014111139.0 | ||
| 008 | 130130s ||||||||||||||||||||||||||||d | ||
| 040 |
_aCDMR _bcat _cCDMR |
||
| 245 | 3 |
_aEl Sol _b: texto de un número de doce páginas (1 de julio de 1928) |
|
| 260 |
_aMadrid _bTalleres Espasa-Calpe _c[s.d.] |
||
| 300 |
_a390 p. _c19 cm |
||
| 610 | 2 |
_93590 _aEl Sol (Diari) |
|
| 942 |
_cMON _2udc |
||
| 999 |
_c5768 _d5768 |
||